Giáo trình cấu trúc máy tính : Dùng cho các trường THCN
Kiến thức cơ bản về cấu trúc máy tính: Lịch sử, phân loại, khái niệm hệ đếm; Cấu trúc, các mức chương trình, vi xử lí 8086, bộ nhớ, thiết bị ngoại vi máy tính...
Guardat en:
| Autor principal: | |
|---|---|
| Format: | Llibre |
| Idioma: | Undetermined |
| Publicat: |
Hà Nội
Nhà xuất bản Hà Nội
2005
|
| Matèries: | |
| Etiquetes: |
Afegir etiqueta
Sense etiquetes, Sigues el primer a etiquetar aquest registre!
|
| Thư viện lưu trữ: | Trung tâm Học liệu Trường Đại học Cần Thơ |
|---|
| LEADER | 00865nam a2200217Ia 4500 | ||
|---|---|---|---|
| 001 | CTU_95946 | ||
| 008 | 210402s9999 xx 000 0 und d | ||
| 020 | |c 23000 | ||
| 082 | |a 004 | ||
| 082 | |b T406 | ||
| 100 | |a Phó, Đức Toàn | ||
| 245 | 0 | |a Giáo trình cấu trúc máy tính : | |
| 245 | 0 | |b Dùng cho các trường THCN | |
| 245 | 0 | |c Phó Đức Toàn | |
| 260 | |a Hà Nội | ||
| 260 | |b Nhà xuất bản Hà Nội | ||
| 260 | |c 2005 | ||
| 520 | |a Kiến thức cơ bản về cấu trúc máy tính: Lịch sử, phân loại, khái niệm hệ đếm; Cấu trúc, các mức chương trình, vi xử lí 8086, bộ nhớ, thiết bị ngoại vi máy tính... | ||
| 650 | |a Computer science | ||
| 904 | |i Trúc | ||
| 980 | |a Trung tâm Học liệu Trường Đại học Cần Thơ | ||